Statistics for Catholicism

Click here to take the quiz!

General Stats

  • This quiz has been taken 916 times
  • The average score is 12 of 21

Answer Stats

DefinitionTerm% Correct
Residence of the Popevatican
91%
An offense against Godsin
90%
The first of the sacraments; a doorway to the others.baptism
83%
Beads used in prayer.Rosary
83%
Man and woman become one flesh in this sacrament.marriage
79%
Four accounts of Christ's lifegospels
73%
The twelve chosen by Christ.apostles
64%
We are made "mini-Christs" in this sacrament and sealed with the gifts of the HS.confirmation
64%
40 day period of fasting and almsgivingLent
61%
From the Greek for 'witness.' A person who dies for their beliefs.martyr
60%
We participate in Christ's Passion, Death and Resurrection in this sacrament.Eucharist
59%
Any follower of Christ.disciple
56%
God's adversary; name means "light"lucifer
54%
A change in substance: the bread and wine becomes the Body and Blood of Christ.transubstantiation
54%
The teachings of Jesus at the Sermon on the Mountbeatitude
52%
Every sacrament imparts this free and undeserving gift from God.grace
43%
Sacrament of ministry that Christ gave to His apostles to establish the ChurchHoly Orders
38%
We acknowledge our sin and seek God's forgiveness in this sacrament.Penance
37%
Where we are purified from our sins, like a penalty box in a hockey game.Purgatory
28%
Also known as the sacrament of the dying through which we are given strength and comfortAnointing of the Sick
24%
A sacrament consists of two parts: matter and -form
16%

Score Distribution

Percentile by Number Answered

Percent of People with Each Score

Your Score History

You have not taken this quiz